Culture générale : Géographie en B - Statistiques

Statistiques générales
  • Ce quiz a été pris 84 fois
  • Le résultat moyen est 13 sur 20
Statistiques - réponses
Questions Réponses % Correct
Région qui s’est longtemps disputé avec une autre région la possession du Mont Saint Michel Bretagne
95%
Philippe Etchebest y a grandi et y a implanté son restaurant gastronomique Bordeaux
91%
Capitale dynamique de la région d’Émilie-Romagne en Italie Bologne
84%
Un des royaumes en Europe Belgique
83%
Pays en Amérique centrale situé au sud du Mexique Bélize
80%
Île où est née Rihanna Barbade
79%
Archipel de récifs coralliens située entre le détroit de Floride et l'Océan Atlantique, dans les Caraïbes Bahamas
77%
Une des plus anciennes villes des États-Unis, située dans le Massachussets Boston
71%
Mont gravi en 4h41mn aller-retour en ski Mont Blanc
69%
Ville où se situe la maison de Jim Thompson, l'initiateur du renouveau de l'exportation de l'industrie de la soie en Thaïlande. Bangkok
65%
Ouagadougou est la capitale de ce pays Burkina Faso
64%
Capitale de l’état du Queensland en Australie Brisbane
57%
Île entre Java et Lombok en Indonésie Bali
55%
Mer qui a la particularité d’être quasiment fermée donc fortement polluée Mer Baltique
55%
26e commune la plus peuplée de France Brest
53%
Chef-lieu des Pouilles, ville portuaire sur la mer Adriatique Bari
51%
Petite île située en Polynésie française qui est entourée d'îlots de sable, appelés "motus" Bora-Bora
49%
Archipel dans l’Océan Atlantique au large de la côte est des États-Unis Bermudes
47%
Ville allemande traversée par le fleuve Weser et donc, qui a un rôle important dans le rôle maritime de son pays Brême
33%
Volcan actif sur l’île de Java en Indonésie Bromo
7%
Aucun quiz correspondant
Distribution des résultats
% des personnes avec chaque résultat
Percentile par nombre de réponses
Votre historique - résultats
Vous n’avez pas pris ce quiz